I wait for you - Alex G - Statistics

General Stats
  • This quiz has been taken 28 times
  • The average score is 141 of 190
Answer Stats
Answer % Correct
i
100%
a
95%
for
95%
friend
95%
girl
95%
have
95%
pills
95%
selling
95%
sits
95%
the
95%
to
95%
wait
95%
you
95%
at
90%
do
90%
girls
90%
he
90%
him
90%
no
90%
nothing
90%
should
90%
that
90%
told
90%
what
90%
who
90%
compares
86%
corner
86%
cross
86%
dream
86%
fever
86%
lot
86%
quit
86%
said
86%
they
86%
whe
86%
block
81%
its
81%
scene
81%
sketchy
81%
when
81%
know
76%
then
76%
every
62%
night
62%
her
57%
in
57%
boy
52%
can
52%
is
52%
be
48%
everything
48%
exists
48%
get
48%
morning
48%
my
48%
myself
48%
on
48%
past
48%
stays
48%
and
43%
another
43%
baby
43%
control
43%
ends
43%
just
43%
light
43%
meant
43%
more
43%
new
43%
one
43%
reach
43%
really
43%
reason
43%
still
43%
sunday
43%
tell
43%
we
43%
word
43%
alright
38%
back
38%
cause
38%
dreams
38%
else
38%
hard
38%
head
38%
hits
38%
pretend
38%
those
38%
thrill
38%
together
38%
wanna
38%
windowsill
38%
yourself
38%
like
33%
No matching quizzes found
Score Distribution
Percent of People with Each Score
Percentile by Number Answered
Your Score History
You have not taken this quiz